000 00437nam a2200181Ia 4500
005 20230704111600.0
008 131103s9999 xx 000 0 und d
040 _aLoreto College
041 _aEnglish
082 _aF
_bBUC
100 _aBuck,Pearl S.
245 _aDragon Seed
_cPearl S.Buck
260 _aNew York
_bPocket Books,Inc.
_c1942
300 _a327 p.
650 _aFiction in English
850 _aLCLIB
942 _cBK
999 _c16393
_d66872